000 00940cam a2200289 i 4500
001 37129
003 Mx-PuUPA
005 20230824145349.0
008 140415s1976 mx gr 000 0 spa d
020 _a8432227323
040 _aMx-PuUPA
_bspa
_cMx-PuUPA
_dMx-PuUPA
_erda
041 0 _aspa
100 1 _aMachado, Luis Alberto,
_eautor
245 1 3 _aLa revolución de la inteligencia /
_cLuis Alberto Machado
250 _aPrimera edición
264 1 _aMéxico, D.F. :
_bAriel Seix Barral,
_c1976
300 _a156 páginas ;
_c19 cm
336 _2rdacontent
_atexto
_btxt
337 _2rdamedia
_asin medio
_bn
338 _2rdacarrier
_avolumen
_bnc
490 0 _aBiblioteca breve de bolsillo.
_aLibros de enlace ;
_v131
650 7 _aInteligencia
_2armarc
942 _2ddc
_cLI
_h153.9
_iM113
999 _c37129
_d37129